000 00880cam0a220025300 4500
001 lce00889792
005 20190814131132.0
008 700729s1970 pau 001 0 eng
010 _a 73104180 //r922
020 _a087596043X
035 _a(Sirsi) r24020
035 _a(DLC) 73104180 //r922
035 _a(UPRA)lce00889792
040 _aDLC
_cDLC
_dDLC
_dUPRA
050 0 0 _aRC685.H8
_bR6
082 0 0 _a616.1/32
100 1 _aRodale, J. I. (Jerome Irving), 1898-1971.
_qRodale, J. I. (Jerome Irving), 1898-1971.
_dRodale, J. I. (Jerome Irving), 1898-1971.
_6A15442.1
245 1 0 _aYour blood and its pressure /
_c[by] J.I. Rodale and the editors of Prevention.
260 _aEmmaus, PA :
_bRodale Books,
_c[1970]
650 0 _aHypertension.
_6S20072.1
730 0 _aPrevention (Emmaus, Pa.)
949 _aRC685.H8
_wLC
_i-23530
_mMEDICAL
_tBOOK
_lON-SHELF
004 24020
999 _c54981
_d54981